| 000 | 01710nam a2200457 i 4500 | ||
|---|---|---|---|
| 001 | 33823 | ||
| 003 | KOSZ 005 | ||
| 005 | 20221215101003.0 | ||
| 008 | 991127s1998 pl a f f |000 0 pol | ||
| 015 | _aPB 2000/1049 | ||
| 020 | _a8387665177 | ||
| 020 | _a8387665029 | ||
| 040 |
_aWA N _cWA N _dKOSZ 005/HR |
||
| 041 | 0 | _apol | |
| 046 | _k1998 | ||
| 080 | _a658.1/.5 | ||
| 080 | _a(075.3.053.7) | ||
| 100 | 1 |
_aKabat, Franciszek _eAutor |
|
| 245 | 1 | 0 |
_aEkonomika i organizacja przedsiębiorstw : _bpodręcznik. _nCz. 4 / _cFranciszek Kabat, Marian Pietraszewski. |
| 250 | _aWyd. 3. | ||
| 260 |
_aPoznań : _b"eMPi²", _c1998. |
||
| 300 |
_a207, [1] s. : _bil. ; _c24 cm. |
||
| 336 |
_2rdacontent _aTekst _btxt |
||
| 337 |
_2rdamedia _aBez urządzenia pośredniczącego _bn |
||
| 338 |
_2rdacarrier _aWolumin _bnc |
||
| 380 | _aKsiążki | ||
| 388 | _a1901-2000 | ||
| 388 | _a1989-2000 | ||
| 490 | 1 | _aMateriały i Podręczniki Mariana Pietraszewskiego. | |
| 500 | _aAut. cz. 1 i 2: Chudy Stanisław, Kabat Franciszek, Pietraszewski Marian. | ||
| 521 | 8 | _aPodręcznik dla zawodu technika ekonomisty - specjalność ekonomika i organizacja przedsiębiorstw. | |
| 650 | 4 | _aEkonomika przedsiębiorstwa | |
| 655 | 4 | _aPodręczniki dla szkół zawodowych | |
| 658 | _aGospodarka, ekonomia, finanse | ||
| 658 | _aZarządzanie i marketing | ||
| 700 | 1 |
_aPietraszewski, Marian _eAutor |
|
| 710 | 2 |
_aWydawnictwo eMPi² Mariana Pietraszewskiego _4pbl. |
|
| 830 | 0 | _aMateriały i Podręczniki Mariana Pietraszewskiego | |
| 856 |
_uhttp://koha.tu.koszalin.pl/cgi-bin/koha/opac-detail.pl?biblionumber=33823 _yKatalog online BPK |
||
| 942 |
_2UKD _cKS |
||
| 999 |
_c33823 _d33823 |
||